Представление документа в формате RUSMARC

ПолеНазваниеЗначение
  Тип записи a
  Библиографический уровень m
001 Контрольный номер RU/IS/BASE/538054310
005 Дата корректировки 20201206205037.2
010 Индекс ISBN __
a ISBN 978-5-496-01029-0 (в пер.)
d Цена 632-00
100 Данные общей обработки __
a Данные общей обработки 19170118d2015||||||| 0rusy0189 ca
101 Язык документа 0_
a Язык текста rus
102 Страна публикации __
a Страна публикации ru
105 Кодированные данные (монография) __
a Кодированные данные (монография) ||||||||000zy
200 Заглавие и сведения об ответственности 1_
a Заглавие Организация туристской деятельности
e Сведения, относящиеся к заглавию для бакалавров : учебное пособие для высших учебных заведений, ведущих подготовку по направлению 050100 "Педагогическое образование"
f Первые сведения об ответственности И. Ф. Игнатьева
b Общее обозначение материала Текст
210 Выходные данные __
a Место издания Москва [и др.]
c Издательство Питер
d Дата издания 2015
215 Физическое описание __
a Объем 448 с.
c Иллюстрации/тип воспроизводства ил.
d Формат 22 см
225 Серия __
a Серия Учебное пособие
225 Серия __
a Серия Для бакалавров
300 Общие примечания __
a Общие примечания 1000 экз.
320 Библиография __
a Библиография Список литературы: с. 445-448
330 Аннотация __
a Аннотация В учебном пособии последовательно излагаются вопросы организации туристской деятельности. Рассматривается деятельность всех отраслей туристской индустрии, создающих, продвигающих и реализующих турпродукт. Туристская деятельность раскрывается с точки зрения формирования компетенций будущих специалистов туристской отрасли в соответствии с основными ее аспектами: проектной деятельностью, производственно-технологической деятельностью, организационно-управленческой деятельностью, сервисной деятельностью, научно-исследовательской деятельностью. Учебное пособие предназначено для студентов, обучающихся по направлениям "Сервис" и "Туризм", преподавателей вузов, специалистов туристской отрасли.
606 Тематические рубрики __
a Основная рубрика Экономика
606 Тематические рубрики __
a Основная рубрика Экономика туризма
610 Ключевые слова __
a Ключевые слова гостиничная индустрия
a Ключевые слова индустрия питания
a Ключевые слова индустрия туризма
a Ключевые слова кадровый менеджмент
a Ключевые слова организация туризма
a Ключевые слова сервис
a Ключевые слова транспортная система
a Ключевые слова турагентская деятельность
a Ключевые слова туризм
a Ключевые слова туристическая индустрия
a Ключевые слова туристская деятельность
a Ключевые слова туристский бизнес
a Ключевые слова туристский продукт
a Ключевые слова туроператорская деятельность
a Ключевые слова турпродукт
a Ключевые слова турфирмы
a Ключевые слова управление туризмом
686 Индексы других классификаций __
2 Код системы rubbks
a Классификационный индекс 65.433-21я73
700 Автор _1
a Фамилия Игнатьева
b Имя И. Ф.
g Полное личное имя Ирина Федоровна
4 Код отношения 070
801 Источник записи _0
a Страна ru
b Организация Муниципальное бюджетное учреждение культуры "Централизованная библиотечная система" г. Сургут (Центральная городская библиотека им. А. С. Пушкина)
c Дата составления 20170118
g Правила каталогизации КиК/Коробейникова
801 Источник записи _1
a Страна ru
b Организация Муниципальное бюджетное учреждение культуры "Централизованная библиотечная система" г. Сургут (Центральная городская библиотека им. А. С. Пушкина)
c Дата составления 20170118
g Правила каталогизации КиК/Коробейникова
852 Данные о местонахождении __
j Шифр хранения 65.433-21я73
i Авторский знак И 26
901 Тип документа 1_
t Тип документа m
903 Характеристики (МАРС) __
a Дата передачи 20170118
969 Тип издания __
a Тип издания учебное пособие
990 Данные о заказе (DOS) __
j Количество экземпляров (DOS) 5
t N записи в КСУ для И/У (DOS) 201702